| 000 | 00549nam a2200169Ia 4500 | ||
|---|---|---|---|
| 003 | Ost | ||
| 005 | 20260507075701.0 | ||
| 008 | 260507s9999||||xx |||||||||||||| ||und|| | ||
| 040 | _cfsecg | ||
| 041 | _aara | ||
| 100 |
_aالبكري، سونيا محمد _eمؤلف |
||
| 245 | 0 |
_aتخطيط ومراقبة الانتاج / _c سونيا محمد البكري |
|
| 260 |
_aالاسكندرية: _bالدار الجامعية, _cد.ت |
||
| 300 | _a320 صفحة؛ | ||
| 653 | _aتخطيط انتاج - مراقبة انتاج | ||
| 942 | _cكتاب | ||
| 999 |
_c45818 _d45818 |
||